Sia Discography - Statistics

General Stats
  • This quiz has been taken 18 times
  • The average score is 8 of 25
Answer Stats
Type Year Name % Correct
Album 2016 This Is Acting
93%
Album 2014 1000 Forms of Fear
87%
Album 2010 We Are Born
80%
Holiday Album 2017 Everyday Is Christmas
73%
Album 2008 Some People Have Real Problems
67%
Album 2001 Healing Is Difficult
60%
Album 2004 Colour the Small One
53%
Album 1997 OnlySee
53%
Live Album 2007 Lady Croissant
47%
Compilation 2012 Best Of...
20%
Video Album 2009 TV Is My Parent
20%
Live Album 2016 Spotify Sessions
13%
Remix EP 2015 Alive (Remixes)
7%
Remix EP 2015 Big Girls Cry (Remixes)
7%
Remix Album 2008 Buttons (Remixes)
7%
Remix EP 2014 Chandelier Remixes
7%
Remix Album 2016 Cheap Thrills (Remixes)
7%
Remix Album 2014 Elastic Heart (The Remixes)
7%
Live Album 2010 iTunes Live - ARIA Concert Series
7%
Live Album 2009 iTunes Live from Sydney
7%
Remix EP 2008 Remixes 1 - EP
7%
Remix EP 2008 Remixes 2 - EP
7%
Remix Album 2008 The Girl You Lost to Cocaine (Remixes)
7%
Live Album 2011 The We Meaning You Tour (Copenhagen 12.05.2010)
7%
Live Album 2011 The We Meaning You Tour, Live at the Roundhouse 27.05.2010
7%
No matching quizzes found
Score Distribution
Percent of People with Each Score
Percentile by Number Answered
Your Score History
You have not taken this quiz